Cleopatra Quiz - Statistics

General Stats
  • This quiz has been taken 105 times
  • The average score is 6 of 13
Answer Stats
Question Answer % Correct
She had a relationship with Roman general, escalating civil war Julius Caesar
96%
This general became the first Roman Emperor following Cleopatra's suicide and the execution of her son Augustus
61%
In attempt to seek political alliance with this general, she was smuggled into Alexandria wrapped in this item Carpet
61%
There were this many Pharaohs with the name Cleopatra who preceded her 6
57%
She later married this Roman general, with whom she was burried Marc Antony
52%
Her native language was the 'Koine' dialect of this language Greek
46%
This Hollywood star portrayed Cleopatra in the 1963 film of the same name Elizabeth Taylor
45%
According to popular belief, she comitted suicide by allowing this type of snake to bite her Asp
39%
Name of the child she had with the general whom she had a relationship with, who co-ruled with her Caesarion
37%
She was the last ruler of this Egyptian dynasty Ptolemaic
27%
This general called for Cleopatra to reconsile with her brother following the assasination of this Roman general Pompey
24%
She met this general while dressed as this goddess Aphrodite
22%
She started the fashion trend of having this decorative items on dresses in Rome Pearl
6%
No matching quizzes found
Score Distribution
Percent of People with Each Score
Percentile by Number Answered
Your Score History
You have not taken this quiz